000 01011cam a22001934a 4500
005 20250605164127.0
008 250528s ||||||||||||||||||||||||d
035 _a18490
020 _a30843944
040 _aGR-AtMCL
_bgre
_dGR-AtMCL
_eAACR2
245 1 _aModern Mathematical Methods for Economics and Business / Series in Quantitative Methods for Decision-Making
260 _bHolt, Rinehart And Winston,
_c1972
300 _a498
520 _aPreface, Matrix Algebra, Systems of Linear Equations, Maximization and Minimization for Functions of One and Two Variables, Multivariate Optimization, Optimization in Inventory and Queuing Models, Linear Programming Models I: Fundamentals, Linear Programming Models II: Special Topics and Extensions, Nonlinear Programming Models I: Fundamentals, Nonlinear Programming Models II: Duality and Further Computational Methods, Answers to Odd-Numbered Problems, Index.
700 1 _aMiller Ronald E
_94751
942 _cBK
999 _c3849
_d3849